| 000 | 00452nam a22001817a 4500 | ||
|---|---|---|---|
| 003 | MPLRDC | ||
| 005 | 20220104173103.0 | ||
| 008 | 210129b ||||| |||| 00| 0 eng d | ||
| 020 | _a1-85326-036-3 | ||
| 082 | _a878.57 SWTS c.5 | ||
| 100 | _aMIGUEL DE CERVANTES SAAVEDRA | ||
| 245 |
_aDON QUIXOTE _c |
||
| 260 |
_a _bWORDSWORTH _c1993 |
||
| 300 | _b平 | ||
| 490 | _aWORDSWORTH CLASSICS | ||
| 650 | _a西斑牙文学 | ||
| 942 |
_cBK _o878.57 SWTS c.5 |
||
| 999 |
_c59256 _d59246 |
||